[Event "Ljubljana op"]
[Site "Ljubljana"]
[Date "2024.04.29"]
[Round "4"]
[White "Damen, Jip"]
[Black "Kukushkin, Ivan"]
[Result "1-0"]
[WhiteElo "2215"]
[BlackElo "1924"]
[PlyCount "75"]
[EventDate "2024.04.27"]
[EventType "swiss"]
[EventRounds "9"]
[EventCountry "SLO"]
[SourceTitle "CB19_2024"]
[SourceDate "2024.05.08"]
[SourceVersion "1"]
[SourceVersionDate "2024.05.08"]
[SourceQuality "1"]

1. e4 c6 2. d4 d5 3. e5 c5 4. dxc5 e6 5. Nf3 Bxc5 6. Bd3 f6 7. Qe2 Nc6 8. 0-0 fxe5 9. Nxe5 Nf6 10. Bf4 Nxe5 11. Bxe5 0-0 12. Nd2 Bd6 13. h3 Re8 14. Nf3 Bxe5 15. Nxe5 Bd7 16. Rfe1 Bc6 17. Rad1 Qb6 18. b3 Re7 19. c4 Rf8 20. Qc2 g6 21. Re3 Nd7 22. Nxd7 Rxd7 23. c5 Qd8 24. Rxe6 Rdf7 25. f3 Qg5 26. Bxg6 Rxf3 27. Bxh7+ Kh8 28. Qg6 Qxg6 29. Bxg6 Rf2 30. Rd4 Rxa2 31. Re7 Rf6 32. Rg4 Ra1+ 33. Kh2 Rf2 34. Bd3 Rh1+ 35. Kxh1 Rf1+ 36. Kh2 Rh1+ 37. Kxh1 d4 38. Rh7# 1-0

[Event "Ljubljana op"]
[Site "Ljubljana"]
[Date "2024.04.28"]
[Round "2"]
[White "Rossi, Anna Giulia"]
[Black "Kukushkin, Ivan"]
[Result "0-1"]
[WhiteElo "1643"]
[BlackElo "1924"]
[PlyCount "72"]
[EventDate "2024.04.27"]
[EventType "swiss"]
[EventRounds "9"]
[EventCountry "SLO"]
[SourceTitle "CB19_2024"]
[SourceDate "2024.05.08"]
[SourceVersion "1"]
[SourceVersionDate "2024.05.08"]
[SourceQuality "1"]

1. e4 c6 2. d4 d5 3. Nc3 dxe4 4. Nxe4 Nf6 5. Nxf6+ exf6 6. Nf3 Bd6 7. Bd3 0-0 8. 0-0 Bg4 9. c3 Bc7 10. h3 Bh5 11. g3 Nd7 12. Be2 Re8 13. Be3 Bxg3 14. fxg3 Rxe3 15. Qd2 Qe7 16. Rae1 Re8 17. Bd1 f5 18. Ne5 Rxe1 19. Rxe1 Bxd1 20. Qxd1 Nf6 21. Qd3 Ne4 22. Rf1 Nd6 23. b3 f6 24. Nf3 Qe3+ 25. Qxe3 Rxe3 26. c4 Ne4 27. g4 f4 28. h4 h6 29. Nh2 g5 30. h5 Kf7 31. Rf3 Re1+ 32. Rf1 Re2 33. Ra1 Nd2 34. Rd1 f3 35. Nf1 Rg2+ 36. Kh1 Ne4 0-1

[Event "Nova Gorica op 28th"]
[Site "Nova Gorica"]
[Date "2024.02.02"]
[Round "9"]
[White "Guid, Taja"]
[Black "Kukushkin, Ivan"]
[Result "0-1"]
[WhiteElo "1698"]
[BlackElo "1890"]
[PlyCount "80"]
[EventDate "2024.01.26"]
[EventType "swiss"]
[EventRounds "9"]
[EventCountry "SLO"]
[SourceTitle "CB06_2024"]
[SourceDate "2024.02.07"]
[SourceVersion "1"]
[SourceVersionDate "2024.02.07"]
[SourceQuality "1"]

1. e4 c5 2. Nc3 Nc6 3. Bb5 Nd4 4. Nf3 a6 5. Bd3 g6 6. Rb1 Bg7 7. a3 d6 8. Nxd4 cxd4 9. Ne2 Bd7 10. b4 e5 11. c3 dxc3 12. dxc3 Ne7 13. 0-0 0-0 14. c4 f5 15. f4 Bc6 16. Qc2 Rc8 17. fxe5 dxe5 18. exf5 gxf5 19. Bxf5 Nxf5 20. Rxf5 Rxf5 21. Qxf5 Qd1+ 22. Qf1 Qd3 23. Rb2 Rf8 24. Qe1 e4 25. Rd2 Qe3+ 26. Kh1 Bc3 27. Qg3+ Qxg3 28. Nxg3 Bxd2 29. Bxd2 Rd8 30. Nf1 Rxd2 31. Nxd2 e3 32. Nf3 Bxf3 33. Kg1 Be2 34. c5 Bb5 35. g4 Kf7 36. Kg2 Bc6+ 37. Kf1 Bf3 38. h3 Ke6 39. a4 Kd5 40. b5 axb5 0-1

[Event "Nova Gorica op 28th"]
[Site "Nova Gorica"]
[Date "2024.02.01"]
[Round "8"]
[White "Kukushkin, Ivan"]
[Black "Barbir, Petar"]
[Result "0-1"]
[WhiteElo "1890"]
[BlackElo "1738"]
[PlyCount "124"]
[EventDate "2024.01.26"]
[EventType "swiss"]
[EventRounds "9"]
[EventCountry "SLO"]
[SourceTitle "CB06_2024"]
[SourceDate "2024.02.07"]
[SourceVersion "1"]
[SourceVersionDate "2024.02.07"]
[SourceQuality "1"]

1. e4 c5 2. Nf3 d6 3. d4 cxd4 4. Nxd4 Nf6 5. Nc3 a6 6. Nb3 Nc6 7. Be2 e6 8. g4 Be7 9. g5 Nd7 10. Be3 b5 11. a3 Bb7 12. Qd2 Rc8 13. f4 Nb6 14. Nd4 h6 15. g6 Bh4+ 16. Kf1 0-0 17. Rg1 Nxd4 18. Bxd4 fxg6 19. Bg4 e5 20. Bxc8 Nc4 21. Be6+ Kh7 22. Bxc4 exd4 23. Ne2 bxc4 24. Qxd4 Qd7 25. Qe3 g5 26. Rd1 gxf4 27. Qf3 g5 28. Nc3 Kg6 29. Nd5 h5 30. h3 Bc8 31. Rh1 Rf7 32. Nb6 Qc6 33. Nxc8 Qxc8 34. Rxd6+ Rf6 35. Rxf6+ Kxf6 36. Ke2 Kg6 37. Rd1 Qb8 38. Qc3 g4 39. hxg4 hxg4 40. Rg1 Kh5 41. Qg7 f3+ 42. Kd1 Qd8+ 43. Kc1 Qg5+ 44. Qxg5+ Bxg5+ 45. Kd1 Bh4 46. e5 g3 47. Rxg3 Bxg3 48. e6 Kg6 49. b3 c3 50. b4 Kf6 51. a4 Kxe6 52. b5 axb5 53. a5 Kd7 54. a6 Kc7 55. a7 Kb7 56. a8B+ Kxa8 57. Kc1 f2 58. Kb1 f1Q+ 59. Ka2 Qc4+ 60. Kb1 Bf4 61. Ka1 Qb4 62. Ka2 Qb2# 0-1

[Event "Lorca op 12th"]
[Site "Lorca"]
[Date "2023.12.26"]
[Round "1"]
[White "Kowalski, Igor"]
[Black "Kukushkin, Ivan"]
[Result "1/2-1/2"]
[WhiteElo "2375"]
[BlackElo "1890"]
[PlyCount "65"]
[EventDate "2023.12.26"]
[EventType "swiss"]
[EventRounds "9"]
[EventCountry "ESP"]
[SourceTitle "CB01_2024"]
[SourceDate "2024.01.03"]
[SourceVersion "1"]
[SourceVersionDate "2024.01.03"]
[SourceQuality "1"]

1. d4 Nf6 2. Nf3 d5 3. c4 c6 4. g3 dxc4 5. Bg2 b5 6. 0-0 g6 7. a4 Bb7 8. Ne5 a6 9. b3 Bg7 10. bxc4 Nfd7 11. axb5 Nxe5 12. dxe5 Bxe5 13. Ra3 axb5 14. Qxd8+ Kxd8 15. Rxa8 Bxa8 16. cxb5 Kc7 17. Be3 Bb7 18. Na3 Bd6 19. bxc6 Bxc6 20. Nc4 Bxg2 21. Kxg2 Nc6 22. Rc1 Kb7 23. h4 h5 24. Rb1+ Kc7 25. Rc1 Kb7 26. Bg5 Rc8 27. e4 Rc7 28. Rd1 Bc5 29. Bf4 Rc8 30. Rd7+ Ka6 31. Be3 Kb5 32. Bxc5 Kxc5 33. Ne3 1/2-1/2

[Event "Viljandi Raud Memorial 57th"]
[Site "Viljandi"]
[Date "2023.07.03"]
[Round "3"]
[White "Kukushkin, Ivan"]
[Black "Povilaitis, Tomas"]
[Result "0-1"]
[WhiteElo "1660"]
[BlackElo "2021"]
[PlyCount "110"]
[EventDate "2023.07.02"]
[EventType "swiss"]
[EventRounds "9"]
[EventCountry "EST"]
[SourceTitle "CBM 215 Extra"]
[Source "ChessBase"]
[SourceDate "2023.09.30"]
[SourceVersion "1"]
[SourceVersionDate "2023.09.30"]
[SourceQuality "1"]

1. e4 c5 2. c3 Nf6 3. e5 Nd5 4. Nf3 Nc6 5. d4 cxd4 6. cxd4 d6 7. Bc4 Nb6 8. Bb5 dxe5 9. Nxe5 Bd7 10. Nxd7 Qxd7 11. Nc3 e6 12. 0-0 Be7 13. Re1 0-0 14. Qg4 Qxd4 15. Re4 Qf6 16. Rf4 Qg6 17. Qe2 f5 18. Be3 Bd6 19. Rf3 Qh5 20. h3 Ne5 21. Bxb6 Nxf3+ 22. gxf3 Rf6 23. Kf1 Qxh3+ 24. Ke1 axb6 25. Kd2 Qh2 26. Rd1 Bc5 27. Kc1 Qxf2 28. Qc4 Rh6 29. Rf1 Qe3+ 30. Kb1 Rh2 31. Rd1 h5 32. a4 Kh8 33. Rd7 Qf2 34. Nd1 Qxf3 35. Qc1 Qe4+ 36. Rd3 Rh1 37. b3 Rd8 38. Qc2 Rxd3 39. Bxd3 Qe1 40. b4 Qxd1+ 41. Qxd1 Rxd1+ 42. Kc2 Rxd3 43. Kxd3 Bxb4 44. Ke3 g5 45. Kf3 Kg7 46. Kg3 e5 47. Kf3 h4 48. Kg2 g4 49. Kh2 f4 50. Kg2 e4 51. Kh2 e3 52. Kg2 f3+ 53. Kf1 e2+ 54. Kg1 e1Q+ 55. Kh2 Bd6# 0-1